000170369 001__ 170369
000170369 005__ 20260417085849.0
000170369 037__ $$aTESIS-2026-017
000170369 041__ $$aeng
000170369 1001_ $$aMartínez Batlle, Víctor
000170369 24500 $$aReal-Scale Dense Monocular SLAM Exploiting Illumination Decline
000170369 260__ $$aZaragoza$$bUniversidad de Zaragoza, Prensas de la Universidad$$c2025
000170369 300__ $$a110
000170369 4900_ $$aTesis de la Universidad de Zaragoza$$v2026-17$$x2254-7606
000170369 500__ $$aPresentado:  26 11 2025
000170369 502__ $$aTesis-Univ. Zaragoza,  , 2025$$bZaragoza, Universidad de Zaragoza$$c2025
000170369 506__ $$a$$bCreative Commons$$c3.0$$uhttp://creativecommons.org/licenses/
000170369 521__ $$97100$$aPrograma de Doctorado en Ingeniería de Sistemas e Informática
000170369 520__ $$a<br />
000170369 540__ $$9info:eu-repo/semantics/openAccess
000170369 6531_ $$avslam
000170369 6531_ $$acolonoscopia
000170369 6531_ $$areconstrucción 3d
000170369 6531_ $$afotometría
000170369 6531_ $$aredes neuronales autosupervisadas
000170369 6531_ $$afunciones de distancia con signo (sdf)
000170369 691__ $$a3
000170369 692__ $$aGarantizar una vida saludable y promover el bienestar para todos y todas en todas las edades.
000170369 700__ $$aTardos Solano, Juan Domingo $$edir.
000170369 7102_ $$aUniversidad de Zaragoza$$b 
000170369 830__ $$9512
000170369 8560_ $$fcdeurop@unizar.es
000170369 8564_ $$s15744542$$uhttps://zaguan.unizar.es/record/170369/files/TESIS-2026-017.pdf$$zPDF
000170369 909CO $$ooai:zaguan.unizar.es:170369$$pdriver
000170369 909co $$ptesis
000170369 9102_ $$aIngeniería y Arquitectura$$b 
000170369 980__ $$aTESIS